A field guide to the common molluscs of Bhutan / (Record no. 6973)

MARC details
000 -LEADER
fixed length control field 00609nam a2200157 4500
001 - CONTROL NUMBER
control field 8096
005 - DATE AND TIME OF LATEST TRANSACTION
control field 20181127185103.0
020 00 - INTERNATIONAL STANDARD BOOK NUMBER
International Standard Book Number 9789993676393
090 00 - LOCALLY ASSIGNED LC-TYPE CALL NUMBER (OCLC); LOCAL CALL NUMBER (RLIN)
Classification number (OCLC) (R) ; Classification number, CALL (RLIN) (NR) 595.789
100 00 - MAIN ENTRY--PERSONAL NAME
Personal name Gittenberger, Edmund.
245 00 - TITLE STATEMENT
Title A field guide to the common molluscs of Bhutan /
Remainder of title
Statement of responsibility, etc. Edmund Gittenberger, Pema Leda, Choki Gyeltshen, Sherub Sherub, Sangay Dema.
Medium
260 00 - PUBLICATION, DISTRIBUTION, ETC.
Place of publication, distribution, etc. Thimphu Bhutan ;
Name of publisher, distributor, etc. National Biodiversity Centre, Ministry of Agriculture, Royal Government of Bhutan.
Date of publication, distribution, etc. 2017.
300 00 - PHYSICAL DESCRIPTION
Extent v, 111 pages : col.ill ; 21 cm
650 00 - SUBJECT ADDED ENTRY--TOPICAL TERM
Topical term or geographic name entry element Molluscs -- Bhutan -- Identification.
General subdivision
Holdings
Withdrawn status Lost status Source of classification or shelving scheme Damaged status Not for loan Collection code Home library Current library Shelving location Serial Enumeration / chronology Inventory number Total Checkouts Full call number Barcode Date last seen Copy number Price effective from Koha item type
    Dewey Decimal Classification     Main TEST RTC Library RTC Library Main opac 12235   595.789 GIT 30011747 27/11/2018 1 27/11/2018 Main
    Dewey Decimal Classification     Main TEST RTC Library RTC Library Main opac 12236   595.789 GIT 30012191 27/11/2018 2 27/11/2018 Main
    Dewey Decimal Classification     Main TEST RTC Library RTC Library Main opac 12237   595.789 GIT 30011645 27/11/2018 3 27/11/2018 Main
    Dewey Decimal Classification     Main TEST RTC Library RTC Library Main opac 12238   595.789 GIT 30011739 27/11/2018 4 27/11/2018 Main
    Dewey Decimal Classification     Main TEST RTC Library RTC Library Main opac 12239   595.789 GIT 30011753 27/11/2018 5 27/11/2018 Main
Royal Thimphu College || All Right Reserved